UM Logo

Characterizing Students conceptual and procedural Knowledge in Mathematics. (Record no. 6385)

MARC details
000 -LEADER
fixed length control field 00629nam a22001577a 4500
008 - FIXED-LENGTH DATA ELEMENTS--GENERAL INFORMATION
fixed length control field 170309b xxu||||| |||| 00| 0 eng d
082 ## - DEWEY DECIMAL CLASSIFICATION NUMBER
Edition number 2016
Classification number UT 0694
Item number Af83
100 ## - MAIN ENTRY--PERSONAL NAME
9 (RLIN) 19245
Personal name Africa, Windilyn T.
245 ## - TITLE STATEMENT
Title Characterizing Students conceptual and procedural Knowledge in Mathematics.
Statement of responsibility, etc. Windilyn T. Africa, Queen jelly Janevie N. Antecristo and Ginie Guy G. Sanico.
300 ## - PHYSICAL DESCRIPTION
Extent 54 pages;
Other physical details 29 cm.
650 #0 - SUBJECT ADDED ENTRY--TOPICAL TERM
9 (RLIN) 19246
Topical term or geographic name as entry element Education
Form subdivision Mathematics
General subdivision Undergraduate Thesis.
700 ## - ADDED ENTRY--PERSONAL NAME
9 (RLIN) 19247
Personal name Africa, Windilyn T.
700 ## - ADDED ENTRY--PERSONAL NAME
9 (RLIN) 19248
Personal name Antecristo, queen Jelly Janevie N.
700 ## - ADDED ENTRY--PERSONAL NAME
9 (RLIN) 19249
Personal name Sanico, Ginie Guy G.
942 ## - ADDED ENTRY ELEMENTS (KOHA)
Source of classification or shelving scheme Dewey Decimal Classification
Koha item type Undergraduate Thesis
Holdings
Withdrawn status Lost status Source of classification or shelving scheme Damaged status Not for loan Home library Current library Date acquired Total Checkouts Full call number Barcode Date last seen Copy number Price effective from Koha item type
    Dewey Decimal Classification     UM Digos College - LIC UM Digos College - LIC 11/07/2016   UT 0694 Af83 2016 UT0694 03/09/2017 1 03/09/2017 Undergraduate Thesis
    Dewey Decimal Classification     UM Digos College - LIC UM Digos College - LIC 02/27/2017   UT 0769 Af83 2016 UT0769 04/25/2017 2 04/25/2017 Undergraduate Thesis
    Dewey Decimal Classification     UM Digos College - LIC UM Digos College - LIC 02/27/2017   UT 0770 Af83 2016 UT0770 04/25/2017 3 04/25/2017 Undergraduate Thesis